Tiếng việt giáo trình đào tạo giáo viên mầm non

में बचाया:
ग्रंथसूची विवरण
मुख्य लेखक: Nguyễn, Xuân Khoa
स्वरूप: पुस्तक
भाषा:Undetermined
प्रकाशित: Hà Nội Đại học Sư phạm Hà Nội 2003
विषय:
टैग : टैग जोड़ें
कोई टैग नहीं, इस रिकॉर्ड को टैग करने वाले पहले व्यक्ति बनें!
Thư viện lưu trữ: Trung tâm Học liệu Trường Đại học Cần Thơ
LEADER 00639nam a2200205Ia 4500
001 CTU_60619
008 210402s9999 xx 000 0 und d
020 |c 13000 
082 |a 372.6 
082 |b Kh401/T.2 
100 |a Nguyễn, Xuân Khoa 
245 0 |a Tiếng việt giáo trình đào tạo giáo viên mầm non 
245 0 |c Nguyễn Xuân Khoa 
260 |a Hà Nội 
260 |b Đại học Sư phạm Hà Nội 
260 |c 2003 
650 |a Vietnamese language 
650 |x Study and teaching ( elementary ) 
904 |i Minh,Hải 
980 |a Trung tâm Học liệu Trường Đại học Cần Thơ